| 000 | 01141nam0a22002771 4500 | ||
|---|---|---|---|
| 001 | v19\rc\1284875 | ||
| 005 | 20250618023748.0 | ||
| 035 | _a(NLR Aleph) 004453273 | ||
| 090 |
_a4483320 _c4483320 |
||
| 100 | _a20060306d1844 |||y0rusy50 ca | ||
| 101 | 0 | _arus | |
| 102 | _aRU | ||
| 105 | _ay z ||||| | ||
| 200 | 1 | _aТаблицы для вычисления процентов как по банковым билетам по 4% и 5%, от одного дня до ста лет и от одной копейки до нескольких сот миллионов рублей, так и по частным долгам по 6%, составленные А. Ер-Енцем | |
| 210 |
_aСанкт-Петербург _cЮ.А. Юнгмейстер _d1844 |
||
| 215 |
_a53 с. _d19 |
||
| 700 | 1 |
_aЕр-Енц _bА.К. _gАлександр Карлович _4220 |
|
| 790 | 1 |
_aЕнц _bА.К. _gАлександр Карлович |
|
| 801 | 0 |
_aRU _bNLR _gpsbo |
|
| 801 | 0 |
_aRU _bRuMoRGB _2psbo |
|
| 801 | 1 |
_aRU _bProSoft-M _2rusmarc |
|
| 852 |
_aNLR _j18.94.1.295 |
||
| 899 | _aБАН | ||
| 899 | _aНБ СПбГУ | ||
| 942 | _cBOOK | ||
| 980 | _aNB | ||